000 00656cam a22002053a 4500
001 43504
003 PGUSA
005 20140828084005.0
008 130819s2013||||xxu|||||s|||||000 | eng d
040 _aPGUSA
_beng
042 _adc
100 1 _aHindley, Charles
245 1 4 _aThe True History of Tom and Jerry ;
_bor, The Day and Night Scenes, of Life in London from the Start to the Finish!
_h[electronic resource] /
_cCharles Hindley
260 _bProject Gutenberg,
_c2013
506 _aPublic domain in the USA.
516 _aElectronic text
830 0 _aProject Gutenberg
_v43504
856 4 0 _uhttp://www.gutenberg.org/ebooks/43504
942 _cEB
999 _c272755
_d272755